| 000 | 00535nam a22001817a 4500 | ||
|---|---|---|---|
| 003 | OSt | ||
| 005 | 20251117095005.0 | ||
| 008 | 251117b |||||||| |||| 00| 0 eng d | ||
| 020 | _a9789712361562 | ||
| 040 | _cCL | ||
| 100 | _aNG, MARK FRANCIS G. | ||
| 245 |
_a Auditing and assurance : _bprinciples, standards and fundamentals / |
||
| 260 |
_a Manila : _bRex Book Store, _cc2012. |
||
| 300 |
_avii, 387 p. : _bill. ; _c 25 cm. |
||
| 504 | _aIncludes index. | ||
| 650 | _2Auditing. | ||
| 942 |
_2ddc _cBK - FIL _k 657.45 N576a 2012 _n0 |
||
| 999 |
_c5698 _d5698 |
||